00415nam a22001577a 450000500170000000800410001704100080005808200140006610000220008024500610010226000460016330000110020965000140022094200080023499900150024220200522130200.0200522b xxu||||| |||| 00| 0 eng d aeng a345.4 CHO aChopra ,G.R95737 aThe All India Reporter1962 (VOL-49) Suprem Court Section aBombaybThe All India Reporter Ltd.c1962 a1220p. aLaw95701 cJRL c6426d6424